Sporcle Crossword II Quiz Stats

Quiz Updated Sep 25, 2017

Also try: Sporcle Crossword
Challenge
Share
Tweet
Embed
Score 0/40 Timer 03:00
0 Plays Today
Down clues Letter % Correct
'Bad Romance' & 
'Poker Face' singer
Υ
97.8%
'Bad Romance' & 
'Poker Face' singer
D
96.9%
'Bad Romance' & 
'Poker Face' singer
Ǥ
96%
'Bad Romance' & 
'Poker Face' singer
Α
95.6%
'Bad Romance' & 
'Poker Face' singer
Α
94.8%
'Bad Romance' & 
'Poker Face' singer
Ǥ
94.5%
'Bad Romance' & 
'Poker Face' singer
Ŀ
94.3%
'Bad Romance' & 
'Poker Face' singer
Α
93.6%
On airlines,
first and economy
Α
91.6%
Word 1: The Works
Word 2: Easter egg need
90.8%
On airlines,
first and economy
Ŀ
89.7%
Word 1: Egg manufacturer
Word 2:  Recipe qty.
Ν
87.7%
Word 1: Egg manufacturer
Word 2:  Recipe qty.
Ε
86.5%
Lacking the usual
excitement
R
86.2%
Word 1: The Works
Word 2: Easter egg need
Ŀ
86%
On airlines,
first and economy
Ѕ
85.4%
On airlines,
first and economy
Ε
85.3%
Lacking the usual
excitement
Α
84.9%
On airlines,
first and economy
Ѕ
84.8%
On airlines,
first and economy
83.5%
Down clues Letter % Correct
Word 1: Egg manufacturer
Word 2:  Recipe qty.
83.5%
On airlines,
first and economy
Ѕ
82.5%
On airlines,
first and economy
С
80.4%
Word 1: The Works
Word 2: Easter egg need
D
78.9%
Word 1: Egg manufacturer
Word 2:  Recipe qty.
Ѕ
78.8%
Word 1: The Works
Word 2: Easter egg need
Ε
77.9%
Lacking the usual
excitement
Ι
77%
Word 1: Egg manufacturer
Word 2:  Recipe qty.
Τ
76.5%
Word 1: The Works
Word 2: Easter egg need
75.1%
Lacking the usual
excitement
D
74.6%
Word 1: The Works
Word 2: Easter egg need
Υ
74.5%
Word 1: Egg manufacturer
Word 2:  Recipe qty.
Ρ
72.9%
Lacking the usual
excitement
Ε
72.8%
Word 1: Egg manufacturer
Word 2:  Recipe qty.
72%
Word 1: The Works
Word 2: Easter egg need
Α
69.5%
Word 1: The Works
Word 2: Easter egg need
Ŀ
67.8%
Lacking the usual
excitement
67.4%
Word 1: Egg manufacturer
Word 2:  Recipe qty.
Н
66.9%
Lacking the usual
excitement
57.9%
Lacking the usual
excitement
Ε
56.8%

You're not logged in!

Compare scores with friends on all Sporcle quizzes.
Sign Up with Email
OR
Log In

You Might Also Like...

Show Comments

Extras

Top Quizzes Today


Score Distribution

Your Account Isn't Verified!

In order to create a playlist on Sporcle, you need to verify the email address you used during registration. Go to your Sporcle Settings to finish the process.